| 000 | 00942nam a22002897a 4500 | ||
|---|---|---|---|
| 003 | EG-ScBUE | ||
| 005 | 20220209110750.0 | ||
| 008 | 090202s2001 enk f 000 f eng d | ||
| 020 | _a0007154860 | ||
| 020 | _a9780007154869 | ||
| 040 |
_aEG-ScBUE _beng _erda _cEG-ScBUE _dEG-ScBUE |
||
| 082 | 0 | 4 |
_222 _a823.914 _bCHR |
| 100 | 1 |
_aChristie, Agatha, _d1890-1976, _eauthor. _940452 |
|
| 245 | 1 | 0 |
_aSpider's web / _cby Agatha Christie ; novelised by Charles Osborne. |
| 264 | 1 |
_aLondon : _bHarperCollins Publishers, _c2001. |
|
| 300 |
_a237 pages ; _c18 cm |
||
| 336 |
_2rdacontent _atext _btxt |
||
| 337 |
_2rdamedia _aunmediated _bn |
||
| 338 |
_2rdacarrier _avolume _bnc |
||
| 650 | 7 |
_aDiplomats' spouses _vFiction. _2BUEsh |
|
| 650 | 7 |
_aKent (England) _vFiction. _2BUEsh |
|
| 651 | _2BUEsh | ||
| 653 |
_bHHUUEENN _cFebruary2022 |
||
| 655 |
_vReading book _934232 |
||
| 700 | 1 |
_aOsborne, Charles, _d1927-2017, _eauthor. |
|
| 942 |
_2ddc _cBB |
||
| 999 |
_c10586 _d10586 |
||